Radios comunitarias en Colombia y Costa Rica: estudio comparado de dos casos contrapuestos /

Se analizan los diferentes factores que determinan el proceso de desarrollo de proyectos de comunicación comunitaria y su reconocimiento legal en América Latina, a través de una comparación específica de la situación de la radio comunitaria en dos casos: Colombia y Costa Rica. Se concluye que las ra...

Fuld beskrivelse

Guardado en:
Bibliografiske detaljer
Hovedforfatter: Guevara, Erica
Format: Texto
Fag:
Tags: Tilføj Tag
Ingen Tags, Vær først til at tagge denne postø!

MARC

LEADER 00000 a a2200000 04500
001 41812
003
040
100 |a Guevara, Erica  
245 |a Radios comunitarias en Colombia y Costa Rica:   |b estudio comparado de dos casos contrapuestos /  |c Erica Guevara  
520 |a Se analizan los diferentes factores que determinan el proceso de desarrollo de proyectos de comunicación comunitaria y su reconocimiento legal en América Latina, a través de una comparación específica de la situación de la radio comunitaria en dos casos: Colombia y Costa Rica. Se concluye que las radios comunitarias colombianas presentan una mejor organización en redes y coaliciones que les permite ser un actor legítimo frente a grupos privados y al Estado, mientras que las costarricenses no la poseen.  
590 |a DISEMINAR072011/EFU/AGOSTO2011  
650 |a 1.RADIO  
650 |a 2.MEDIOS DE COMUNICACION DE MASAS  
650 |a 3.COLOMBIA  
650 |a 4.COSTA RICA  
650 |a 5.ANALISIS COMPARATIVO  
650 |a 6.PARTICIPACION COMUNITARIA  
773 |g (2008), páginas 45-59  
999 |c 32890  |d 32890